书目信息 |
| 题名: |
计算机网络
|
|
| 作者: | 塔嫩鲍姆 , 韦斯雷尔 , 塔嫩鲍姆 著 ;潘爱民 , 严伟 译 | |
| 分册: | ||
| 出版信息: | 北京 清华大学出版社 2012 |
|
| 页数: | 11,739页 | |
| 开本: | 26cm | |
| 丛书名: | ||
| 单 册: | ||
| 中图分类: | TP393 | |
| 科图分类: | ||
| 主题词: | 计算机网络--教材 , 计算机网络 | |
| 电子资源: | ||
| ISBN: | 978-7-302-27462-9 | |
| 000 | 01227nam0 2200325 450 | |
| 001 | 139237 | |
| 005 | 20140911091003.31 | |
| 010 | @a978-7-302-27462-9@dCNY 89.50 | |
| 100 | @a20120323d2012 em y0chiy50 ea | |
| 101 | 1 | @achi@ceng |
| 102 | @aCN@b110000 | |
| 105 | @aa z 001yy | |
| 200 | 1 | @a计算机网络@Aji suan ji wang luo@b专著@f塔嫩鲍姆著@Fta nen bao mu zhu@g严伟,潘爱民译 |
| 210 | @a北京@c清华大学出版社@d2012 | |
| 215 | @a11,739页@c图@d26cm | |
| 300 | @a世界著名计算机教材精选 | |
| 305 | @a据原书第五版译出 由Pearson Education授权出版 | |
| 312 | @a封面英文题名:Computer networks | |
| 330 | @a本书按照网络协议模型自下而上(物理层、数据链路层、介质访问控制层、网络层、传输层和应用层)有系统地介绍了计算机网络的基本原理,并结合Internet给出了大量的协议实例。 | |
| 510 | 1 | @aComputer networks@zeng |
| 606 | 0 | @a计算机网络@j教材 |
| 606 | 0 | @a计算机网络 |
| 690 | @aTP393@v5 | |
| 701 | 0 | @c(美)@a塔嫩鲍姆@Ata nen bao mu@c(Tanenbaum, Andrew S.)@4著 |
| 701 | 0 | @c(美)@a韦斯雷尔@Awei si lei er@c(Wetherall, David J.)@4著 |
| 701 | 0 | @a塔嫩鲍姆@Ata nen bao mu@4著 |
| 702 | 0 | @a潘爱民@Apan ai min@4译 |
| 702 | 0 | @a严伟@Ayan wei@c(计算机系副教授)@4译 |
| 801 | 0 | @c20140911 |
| 905 | @a241430@dTP393@eT0151 | |
| 计算机网络/塔嫩鲍姆著/严伟,潘爱民译.-北京:清华大学出版社,2012 |
| 11,739页:图;26cm |
| 世界著名计算机教材精选 |
| ISBN 978-7-302-27462-9:CNY 89.50 |
| 本书按照网络协议模型自下而上(物理层、数据链路层、介质访问控制层、网络层、传输层和应用层)有系统地介绍了计算机网络的基本原理,并结合Internet给出了大量的协议实例。 |
| ● |
| 相关链接 |
|
|
|
正题名:计算机网络
索取号:TP393/T0151
 
预约/预借
| 序号 | 登录号 | 条形码 | 馆藏地/架位号 | 状态 | 备注 |
| 1 | 0829868 | 208298689 | 自科库301/301自科库 117排1列5层/ [索取号:TP393/T0151] | 在馆 | |
| 2 | 0829869 | 208298698 | 自科二线404/404自科库 9排5列1层/ [索取号:TP393/T0151] | 在馆 | |
| 3 | 0829870 | 208298705 | 自科库301/301自科库 117排1列5层/ [索取号:TP393/T0151] | 在馆 |